<?xml version="1.0" encoding="UTF-8"?>
<record
    xmlns:xsi="http://www.w3.org/2001/XMLSchema-instance"
    xsi:schemaLocation="http://www.loc.gov/MARC21/slim http://www.loc.gov/standards/marcxml/schema/MARC21slim.xsd"
    xmlns="http://www.loc.gov/MARC21/slim">

  <leader>00840nab a2200253 uc4500</leader>
  <controlfield tag="001">852205</controlfield>
  <controlfield tag="005">20240521091041.0</controlfield>
  <controlfield tag="008">031106e20031020                    spa  </controlfield>
  <datafield tag="035" ind1=" " ind2=" ">
    <subfield code="a">852205</subfield>
  </datafield>
  <datafield tag="035" ind1=" " ind2=" ">
    <subfield code="a">(OCoLC)820083133</subfield>
  </datafield>
  <datafield tag="040" ind1=" " ind2=" ">
    <subfield code="c">comduadb</subfield>
  </datafield>
  <datafield tag="041" ind1=" " ind2=" ">
    <subfield code="a">spa</subfield>
  </datafield>
  <datafield tag="245" ind1="1" ind2="0">
    <subfield code="a">Corto de fondos</subfield>
  </datafield>
  <datafield tag="610" ind1="1" ind2="4">
    <subfield code="a">Colombia.</subfield>
    <subfield code="b">Fuerzas Armadas</subfield>
    <subfield code="9">853864</subfield>
  </datafield>
  <datafield tag="650" ind1=" " ind2="7">
    <subfield code="a">Gasto militar</subfield>
    <subfield code="2">embne</subfield>
    <subfield code="9">112590</subfield>
  </datafield>
  <datafield tag="650" ind1=" " ind2=" ">
    <subfield code="a">Uribe V&#xE9;lez, Alvaro, 1952 - Pol&#xED;tica y gobierno</subfield>
    <subfield code="9">107287</subfield>
  </datafield>
  <datafield tag="650" ind1=" " ind2=" ">
    <subfield code="a">Pol&#xED;tica de seguridad democr&#xE1;tica - Colombia</subfield>
    <subfield code="9">165653</subfield>
  </datafield>
  <datafield tag="650" ind1=" " ind2=" ">
    <subfield code="a">Pol&#xED;ticas de seguridad</subfield>
    <subfield code="9">64178</subfield>
  </datafield>
  <datafield tag="650" ind1=" " ind2=" ">
    <subfield code="a">Inversi&#xF3;n social</subfield>
    <subfield code="9">50787</subfield>
  </datafield>
  <datafield tag="650" ind1=" " ind2="7">
    <subfield code="a">Impuestos sobre el patrimonio</subfield>
    <subfield code="2">lemb</subfield>
    <subfield code="9">100963</subfield>
  </datafield>
  <datafield tag="650" ind1=" " ind2="7">
    <subfield code="a">Fuerzas armadas</subfield>
    <subfield code="2">embne</subfield>
    <subfield code="9">476</subfield>
  </datafield>
  <datafield tag="773" ind1="0" ind2=" ">
    <subfield code="t">Cambio (Bogot&#xE1;)</subfield>
    <subfield code="g">No. 537, Oct. 20, 2003, p. 24-28</subfield>
    <subfield code="w">303132</subfield>
    <subfield code="x">0124-4957</subfield>
    <subfield code="0">101565</subfield>
  </datafield>
  <datafield tag="942" ind1=" " ind2=" ">
    <subfield code="c">ARIMP</subfield>
  </datafield>
  <datafield tag="999" ind1=" " ind2=" ">
    <subfield code="c">302135</subfield>
    <subfield code="d">302135</subfield>
  </datafield>
</record>
